Luis Muñoz Marín Int. Airport Destinations (San Juan, Puerto Rico) - Statistics

General Stats
  • This quiz has been taken 114 times
    43 since last reset
  • The average score is 45 of 62
Answer Stats
Airline Destination % Correct
Delta Air Lines/Frontier Airlines/JetBlue/Spirit Airlines Boston
100%
Southwest Airlines Chicago (Midway)
100%
American Airlines/Spirit Airlines/United Airlines Chicago (O'Hare)
100%
American Airlines/Frontier Airlines/Spirit Airlines Miami
100%
Frontier Airlines/JetBlue/United Airlines Newark
100%
Delta Air Lines/Frontier Airlines/JetBlue New York (JFK)
100%
Frontier Airlines/JetBlue/Southwest Airlines/Spirit Airlines Orlando
100%
Frontier Airlines/United Airlines Washington (Dulles)
100%
JetBlue Washington (National)
100%
Delta Air Lines/Frontier Airlines/Spirit Airlines Atlanta
97%
Frontier Airlines/Southwest Airlines/Spirit Airlines Baltimore
97%
American Airlines/Spirit Airlines Dallas/Fort Worth
97%
American Airlines/Frontier Airlines/Spirit Airlines Philadelphia
97%
American Airlines/Frontier Airlines Charlotte
93%
Avelo Airlines Charlotte/Concord
93%
Delta Air Lines/Sun Country Airlines Minneapolis/St. Paul
93%
Arajet/Frontier Airlines/JetBlue/Sky High Santo Domingo (Las Américas)
93%
Frontier Airlines/JetBlue/Southwest Airlines/Spirit Airlines Tampa
93%
Air Canada Rouge/WestJet Toronto (Pearson)
93%
United Airlines Denver
90%
Delta Air Lines/Spirit Airlines Detroit
90%
Frontier Airlines/JetBlue/Southwest Airlines/Spirit Airlines Fort Lauderdale
90%
Southwest Airlines Houston (Hobby)
90%
Spirit Airlines/United Airlines Houston (Intercontinental)
90%
Aeroméxico Mexico City
90%
Air Canada Rouge/Air Transat Montréal (Trudeau)
90%
Avianca Bogotá
86%
Copa Airlines Panama City (Tocumen)
86%
Southwest Airlines Austin
83%
Iberia Madrid
83%
Avianca Costa Rica San José (CR)
83%
Southwest Airlines Nashville
79%
Frontier Airlines Cleveland
76%
Frontier Airlines Jacksonville (FL)
76%
Caribbean Airlines/Frontier Airlines Port of Spain
76%
Arajet/Frontier Airlines/JetBlue Punta Cana
76%
Frontier Airlines Antigua
72%
Avianca/JetBlue Medellín (JMC)
72%
Delta Air Lines/Frontier Airlines/JetBlue Raleigh/Durham
72%
Southwest Airlines St. Louis
72%
Cape Air/Frontier Airlines/JetBlue St. Thomas
72%
Caribbean Airlines Barbados
69%
Frontier Airlines/JetBlue Hartford
66%
Spirit Airlines San Antonio
62%
Frontier Airlines St. Maarten
62%
Cape Air/Fly The Whale/Frontier Airlines/JetBlue St. Croix
59%
JetBlue Providence
52%
Avelo Airlines Wilmington (DE)
52%
Caribbean Airlines/Contour Airlines Dominica (Douglas-Charles)
48%
Avelo Airlines New Haven
41%
Frontier Airlines Puerto Plata
41%
JetBlue White Plains
41%
Cape Air Vieques
38%
Tradewind Aviation Anguilla
34%
Frontier Airlines/JetBlue Santiago de los Caballeros
34%
Cape Air Culebra
31%
Cape Air/Caribbean Airlines/InterCaribbean Airways/Tradewind Aviation Tortola
31%
Cape Air Mayagüez
28%
Sky High Pointe-a-Pitre
28%
Tradewind Aviation St. Barthélemy
17%
Avelo Airlines Lakeland
14%
Cape Air/Tradewind Aviation Virgin Gorda
14%
No matching quizzes found
Score Distribution
Percent of People with Each Score
Percentile by Number Answered
Your Score History
You have not taken this quiz since the last reset